[Event "17PCR_ZK13"]
[Site "?"]
[Date "2007.??.??"]
[Round "?"]
[White "Rotter, Walter"]
[Black "Batka, Josef"]
[Result "1/2-1/2"]
[WhiteElo "1948"]
[BlackElo "2285"]
[PlyCount "102"]
[EventDate "2007.??.??"]
[EventType "corr"]
[EventRounds "2"]
[SourceDate "2007.06.28"]

1. d4 Nf6 2. c4 e6 3. Nc3 d5 4. Nf3 Bb4 5. Bg5 Nbd7 6. cxd5 exd5 7. Qc2 O-O 8.
e3 c5 9. Bd3 Qa5 10. O-O c4 11. Bf5 Re8 12. Nd2 g6 13. Bxd7 Nxd7 14. Rae1 Nb6
15. f3 Bd7 16. Bh4 Bf8 17. e4 Bg7 18. Bf2 Rac8 19. exd5 Rxe1 20. Rxe1 Nxd5 21.
Nxd5 Qxd5 22. Ne4 Re8 23. Qd2 f5 24. Nc3 Rxe1+ 25. Qxe1 Qd6 26. Ne2 Kf7 27. Qa5
g5 28. a3 a6 29. Qd2 Kg6 30. Qd1 Bc6 31. b3 Qd5 32. Nc3 Qf7 33. b4 Qd7 34. Qd2
b5 35. Ne2 Bd5 36. h4 h6 37. Bg3 Bb7 38. hxg5 hxg5 39. Bf2 f4 40. Nc3 Qf5 41.
Qe2 Kf7 42. Qd1 Bf6 43. Qe2 Qe6 44. Kf1 Qf5 45. Ne4 Be7 46. Nc5 c3 47. Qd3
Qxd3+ 48. Nxd3 Bd5 49. Ke1 Bf6 50. Kd1 Bb3+ 51. Kc1 Bg7 1/2-1/2

[Event "17PCR_ZK13"]
[Site "?"]
[Date "2007.??.??"]
[Round "?"]
[White "Rotter, Walter"]
[Black "Bultman, Milan"]
[Result "1-0"]
[WhiteElo "1948"]
[BlackElo "2099"]
[PlyCount "105"]
[EventDate "2007.??.??"]
[EventType "corr"]
[EventRounds "2"]
[SourceDate "2007.06.28"]

1. d4 Nf6 2. c4 g6 3. Nc3 Bg7 4. e4 d6 5. Nf3 O-O 6. h3 c5 7. d5 a6 8. a4 Qb6
9. a5 Qd8 10. Bd3 b5 11. axb6 Qxb6 12. O-O Nbd7 13. Qc2 Rb8 14. Na4 Qc7 15. Bd2
Nh5 16. Be2 Re8 17. Nh2 Nhf6 18. Bc3 e6 19. f4 exd5 20. exd5 Bb7 21. Bd3 Re7
22. f5 g5 23. Qd2 h6 24. Ba5 Qc8 25. Rfe1 Ne5 26. Bc3 Qe8 27. Nxc5 dxc5 28. d6
Rd8 29. dxe7 Rxd3 30. Qc2 Rxc3 31. Qxc3 Ne4 32. Qc2 Nd6 33. Ng4 Qxe7 34. f6
Bxf6 35. Nxh6+ Kg7 36. Ng4 Qe6 37. Nxf6 Qxf6 38. Rad1 Ng6 39. Rd2 Nf4 40. Kh2
Bc6 41. Rf2 Qd4 42. Rd1 Qe5 43. g3 Ne6 44. Rdf1 g4 45. Qc3 Nd4 46. Rf4 f5 47.
b4 Bf3 48. Re1 Ne4 49. bxc5 Kg6 50. Qa3 a5 51. Qxa5 Ne6 52. Qb6 Qd5 53. cxd5
1-0

[Event "17PCR_ZK13"]
[Site "?"]
[Date "2007.??.??"]
[Round "?"]
[White "Rotter, Walter"]
[Black "Dirgas, Josef"]
[Result "0-1"]
[WhiteElo "1948"]
[BlackElo "2000"]
[PlyCount "126"]
[EventDate "2007.??.??"]
[EventType "corr"]
[EventRounds "2"]
[SourceDate "2007.06.28"]

1. d4 Nf6 2. c4 e6 3. Nf3 d5 4. Nc3 c6 5. e3 Nbd7 6. Bd3 dxc4 7. Bxc4 b5 8. Bd3
Bb7 9. O-O a6 10. e4 c5 11. d5 Qc7 12. dxe6 fxe6 13. Bc2 c4 14. Ng5 Nc5 15. e5
Qxe5 16. Re1 Qd6 17. Qxd6 Bxd6 18. Be3 O-O 19. Rad1 Be7 20. Bxc5 Bxc5 21. Nxe6
Rfc8 22. a3 Rab8 23. Bf5 g6 24. Nxc5 Rxc5 25. Bd7 Rc7 26. Be6+ Kg7 27. f4 Re8
28. Re5 Ree7 29. Rde1 Kf8 30. g4 Nd7 31. R5e2 Nc5 32. f5 Nd3 33. Rf1 g5 34. h4
Nf4 35. Ree1 h6 36. Rd1 Ke8 37. hxg5 hxg5 38. Rfe1 Nxe6 39. fxe6 Bf3 40. Rd6
Rc6 41. Rxc6 Bxc6 42. Re5 Rh7 43. Rc5 Bb7 44. Rxg5 Ke7 45. Rg6 Bc6 46. Ne2 Be4
47. Rg8 Bd5 48. Nf4 Rh1+ 49. Kf2 Bxe6 50. Rg7+ Bf7 51. Rg5 Rb1 52. Re5+ Kf6 53.
Re2 Ra1 54. Rd2 c3 55. bxc3 Kg5 56. Kg3 Rxa3 57. Nh3+ Kf6 58. Kh4 Bc4 59. g5+
Ke7 60. Rc2 Ra1 61. Nf4 a5 62. Ng2 a4 63. Ne3 Be6 0-1

[Event "17PCR_ZK13"]
[Site "?"]
[Date "2007.??.??"]
[Round "1"]
[White "Rotter, Walter"]
[Black "Hrdy, Tomas"]
[Result "1/2-1/2"]
[WhiteElo "1948"]
[BlackElo "1600"]
[PlyCount "50"]
[EventDate "2007.??.??"]
[EventType "corr"]
[EventRounds "2"]
[SourceDate "2007.06.28"]

1. d4 d5 2. c4 c6 3. Nc3 Nf6 4. e3 e6 5. Nf3 Nbd7 6. Qc2 Bd6 7. Be2 O-O 8. Bd3
dxc4 9. Bxc4 e5 10. O-O Qe7 11. b3 e4 12. Ng5 Bxh2+ 13. Kxh2 Ng4+ 14. Kg1 Qxg5
15. Qxe4 Nb6 16. Be2 Nf6 17. Qf3 Qa5 18. Ne4 Nbd5 19. Bd2 Qd8 20. Bd3 Re8 21.
Nxf6+ Nxf6 22. Qf4 a5 23. Rfc1 Be6 24. Rc5 Bd5 25. f3 a4 1/2-1/2

[Event "17PCR_ZK13"]
[Site "?"]
[Date "2007.??.??"]
[Round "?"]
[White "Rotter, Walter"]
[Black "Klimecky, Tomas"]
[Result "1-0"]
[WhiteElo "1948"]
[BlackElo "1744"]
[PlyCount "21"]
[EventDate "2007.??.??"]
[EventType "corr"]
[EventRounds "2"]
[SourceDate "2007.06.28"]

1. d4 c6 2. e4 d5 3. e5 Bf5 4. Nf3 e6 5. a3 Ne7 6. Be2 Nd7 7. O-O c5 8. Bb5 Nc6
9. c4 Bg4 10. cxd5 Bxf3 11. Qxf3 1-0

[Event "17PCR_ZK13"]
[Site "?"]
[Date "2007.??.??"]
[Round "?"]
[White "Rotter, Walter"]
[Black "Skalicky, Frantisek"]
[Result "1/2-1/2"]
[WhiteElo "1948"]
[BlackElo "2223"]
[PlyCount "63"]
[EventDate "2007.??.??"]
[EventType "corr"]
[EventRounds "2"]
[SourceDate "2007.06.28"]

1. d4 d5 2. c4 e6 3. Nf3 Nf6 4. Nc3 Bb4 5. a3 Bxc3+ 6. bxc3 c5 7. e3 O-O 8. Bb2
Nbd7 9. cxd5 exd5 10. Bd3 c4 11. Bc2 Re8 12. O-O Ne4 13. Qe2 Ndf6 14. Ne5 Nd6
15. a4 Bf5 16. Ba3 Nfe4 17. f3 Nxc3 18. Qd2 f6 19. Bxd6 Bxc2 20. Qxc2 Qxd6 21.
Ng4 h5 22. Nxf6+ Qxf6 23. Qxc3 Qc6 24. Rfe1 Re7 25. e4 Rae8 26. e5 b6 27. Reb1
Rf7 28. Rb5 h4 29. h3 a6 30. Rb2 Qg6 31. Rab1 Re6 32. Rf1 1/2-1/2

[Event "17PCR_ZK13"]
[Site "?"]
[Date "2007.??.??"]
[Round "?"]
[White "Skalicky, Frantisek"]
[Black "Batka, Josef"]
[Result "1-0"]
[WhiteElo "2223"]
[BlackElo "2285"]
[PlyCount "91"]
[EventDate "2007.??.??"]
[EventType "corr"]
[EventRounds "2"]
[SourceDate "2007.06.28"]

1. d4 Nf6 2. c4 e6 3. Nc3 d5 4. Bg5 Bb4 5. Nf3 Nbd7 6. cxd5 exd5 7. e3 c5 8.
Bd3 Qa5 9. O-O c4 10. Bf5 O-O 11. Qc2 Re8 12. Rfb1 g6 13. Bxd7 Nxd7 14. a3 Bxc3
15. bxc3 f6 16. Bf4 Nb6 17. Rb4 Bf5 18. Qd1 Rac8 19. a4 Rc6 20. Qd2 a6 21. h4
Re7 22. Qb2 Rce6 23. Nh2 h5 24. Nf1 Kf7 25. Ng3 Bd3 26. Ra2 Kg7 27. Ne2 Rc6 28.
Bh2 Kf7 29. Nf4 Bf5 30. Qe2 Nc8 31. Rab2 Nd6 32. Qe1 b6 33. f3 Re8 34. Kh1 Nc8
35. Re2 Bd3 36. Qg3 Ne7 37. Re1 Rd8 38. Bg1 f5 39. Qg5 Rdc8 40. Qh6 Rg8 41. Nh3
Ke8 42. Ng5 Bc2 43. Qh7 Rf8 44. Bh2 b5 45. Be5 Kd7 46. Qg7 1-0

[Event "17PCR_ZK13"]
[Site "?"]
[Date "2007.??.??"]
[Round "?"]
[White "Skalicky, Frantisek"]
[Black "Bultman, Milan"]
[Result "1-0"]
[WhiteElo "2223"]
[BlackElo "2099"]
[PlyCount "99"]
[EventDate "2007.??.??"]
[EventType "corr"]
[EventRounds "2"]
[SourceDate "2007.06.28"]

1. d4 Nf6 2. c4 g6 3. Nc3 Bg7 4. e4 d6 5. Nf3 O-O 6. Be2 e5 7. O-O exd4 8. Nxd4
Re8 9. f3 c6 10. Nc2 Be6 11. Be3 Na6 12. Qd2 Nd7 13. Rad1 Ne5 14. b3 f5 15. f4
Nf7 16. Bd4 Bxd4+ 17. Nxd4 Nc5 18. exf5 gxf5 19. b4 Nd7 20. g4 Nf6 21. gxf5 Bd7
22. Kh1 Kh8 23. Rde1 Qc8 24. Bf3 Bxf5 25. Rxe8+ Nxe8 26. Rg1 Ng7 27. Qg2 Qf8
28. Qxg7+ Qxg7 29. Rxg7 Kxg7 30. Nxf5+ Kf6 31. Nd4 Nh6 32. Ne4+ Ke7 33. f5 Ng8
34. b5 Rc8 35. Nc3 cxb5 36. Nd5+ Kd7 37. f6 Nh6 38. cxb5 Rc1+ 39. Kg2 Rc4 40.
b6 Rxd4 41. bxa7 Rd2+ 42. Kg3 Rxa2 43. Nb6+ Ke8 44. a8=Q+ Rxa8 45. Nxa8 Kf7 46.
Be4 Kxf6 47. Kf4 Nf7 48. Bxh7 Nd8 49. Bf5 d5 50. Nc7 1-0

[Event "17PCR_ZK13"]
[Site "?"]
[Date "2007.??.??"]
[Round "?"]
[White "Skalicky, Frantisek"]
[Black "Dirgas, Josef"]
[Result "0-1"]
[WhiteElo "2223"]
[BlackElo "2000"]
[PlyCount "126"]
[EventDate "2007.??.??"]
[EventType "corr"]
[EventRounds "2"]
[SourceDate "2007.06.28"]

1. d4 d5 2. c4 e6 3. Nc3 Nf6 4. Nf3 c6 5. e3 Nbd7 6. Bd3 dxc4 7. Bxc4 b5 8. Bd3
Bb7 9. a3 a6 10. b4 a5 11. Rb1 axb4 12. axb4 Bd6 13. O-O O-O 14. Qc2 Qe7 15.
Bd2 Bxb4 16. e4 Bxc3 17. Bxc3 Rfc8 18. e5 Nd5 19. Bxh7+ Kh8 20. Be4 c5 21. Qd2
Ra2 22. Rb2 Ra4 23. Bxd5 Bxd5 24. Rxb5 Bc4 25. Rb7 Bxf1 26. Kxf1 cxd4 27. Bxd4
Rb8 28. Rc7 Qd8 29. Rc1 Nf8 30. Be3 Qxd2 31. Bxd2 Rba8 32. g3 Ra1 33. Rxa1
Rxa1+ 34. Kg2 Nd7 35. h4 Kg8 36. g4 Ra4 37. Kh3 g6 38. Bc1 Ra5 39. Bb2 Rb5 40.
Ba1 Nb8 41. Kg3 Nc6 42. Kg2 Rb3 43. Kg3 Kf8 44. Kg2 Ke8 45. h5 gxh5 46. gxh5
Kf8 47. h6 Ra3 48. Bb2 Ra4 49. Bc1 Kg8 50. Be3 Ne7 51. Ng5 Ng6 52. Nf3 Rb4 53.
Kg3 Rb5 54. Bf4 Nxf4 55. Kxf4 Rb4+ 56. Kg3 Kh7 57. Ng5+ Kxh6 58. Nxf7+ Kg6 59.
Nd6 Kg5 60. Kf3 Rb3+ 61. Ke4 Kg4 62. Nf7 Rb4+ 63. Ke3 Kf5 0-1

[Event "17PCR_ZK13"]
[Site "?"]
[Date "2007.??.??"]
[Round "?"]
[White "Skalicky, Frantisek"]
[Black "Hrdy, Tomas"]
[Result "1-0"]
[WhiteElo "2223"]
[BlackElo "1600"]
[PlyCount "77"]
[EventDate "2007.??.??"]
[EventType "corr"]
[EventRounds "2"]
[SourceDate "2007.06.28"]

1. d4 d5 2. c4 c6 3. Nf3 Nf6 4. Nc3 e6 5. e3 Nbd7 6. Qc2 Bd6 7. b3 O-O 8. Be2
Re8 9. O-O dxc4 10. Bxc4 Qc7 11. Bb2 b6 12. Rfd1 Bb7 13. Bd3 Rac8 14. h3 Qb8
15. Ne4 Nxe4 16. Bxe4 f5 17. Bd3 Nf6 18. Qe2 Qc7 19. Rac1 Qe7 20. Ne5 Red8 21.
Bc4 Kh8 22. a3 a5 23. a4 Kg8 24. Rc2 Rb8 25. Rdc1 c5 26. Rd1 Be4 27. Rcd2 cxd4
28. Bxd4 Bb4 29. f3 Bb7 30. Rd3 Nd5 31. f4 Rd6 32. Nf3 Rf8 33. Be5 Rdd8 34. Ng5
h6 35. Nxe6 Qxe6 36. e4 fxe4 37. Qxe4 g6 38. Rxd5 Rxd5 39. Bxd5 1-0

[Event "17PCR_ZK13"]
[Site "?"]
[Date "2007.??.??"]
[Round "?"]
[White "Skalicky, Frantisek"]
[Black "Rotter, Walter"]
[Result "1-0"]
[WhiteElo "2223"]
[BlackElo "1948"]
[PlyCount "67"]
[EventDate "2007.??.??"]
[EventType "corr"]
[EventRounds "2"]
[SourceDate "2007.06.28"]

1. d4 d5 2. c4 c6 3. Nf3 Nf6 4. Nc3 e6 5. e3 a6 6. c5 b6 7. cxb6 Nbd7 8. Na4
Nxb6 9. Bd2 Nbd7 10. Rc1 Bb7 11. Bd3 Bd6 12. O-O O-O 13. Qb3 Rb8 14. Rfe1 Qe7
15. Bc3 Rfc8 16. h3 Rc7 17. Ne5 h6 18. Ba5 Rcc8 19. Nb6 Nxb6 20. Bxb6 c5 21.
Bxc5 Rxc5 22. Rxc5 Bxc5 23. Nc6 Bxc6 24. Qxb8+ Qf8 25. Qxf8+ Bxf8 26. Bxa6 Bd6
27. Ra1 e5 28. a4 exd4 29. exd4 Bb8 30. Bd3 Ba7 31. Rc1 Bd7 32. a5 Bxd4 33. b4
Bb2 34. Rc2 1-0